1626 1984 1062 1302 1015 1493 1104 1737 1906 1128 1482 1626 1509 1834 1423 1311 1477 1139 1019 1173 1925 1948 1697 1077 1182 1687 1005 1016 1610 1644 1963 1081 1249 1980 1662 1303 1821 1615 1936 1118 1898 1783 1119 1417 1650 1763 1015 1052 1065 1534 1185 1313 1088 1522 1621 1142 1447 1421 1725 1295 1899 1987 1903 1180 1071 1695 1551 1262 1937 1664 1426 1076 1732 1439 1336 1832 1793 1149 1858 1663 1043 1186 1365 1234 1232 1860 1705 1531 1434 1894 1705 1004 1544 1192 1483 1330 1212 1121 1965 BCNSPRNW ULIB Ver.6.0+V

เปลี่ยนเป็นภาษาไทย

Change to English
 แสดงรายละเอียดบรรณานุกรม
  กลับหน้าหลัก

Brief Record : Get Marc (ISO 2709) : E-mail record : QR code < ปิดหน้าต่าง
LEADER : 00000nam 2200000uu 4500
001    13399126291
003     ULIB
008    180904s2560||||th 000 0 tha d
020    ^a9789744669896
040    ^abcn
060 04 ^aWO100^bศ170
245 10 ^aศัลยศาสตร์ธรรมศาสตร์ =^bThammasat Surgery/^cบรรณาธิการ,วีระยุทธ โถวประเสริฐ...[และคนอื่นๆ]
250    ^aพิมพ์ครั้งที่ 1
260    ^aปทุมธานี :^bโรงพิมพ์มหาวิทยาลัยธรรมศาสตร์,^c2560
300    ^a532 หน้า :^bภาพประกอบ
650  2 ^aศัลยศาสตร์^xรวมเรื่อง
700 0  ^aวีระยุทธ โถวประเสริฐ,^eบรรณาธิการ
945    ^p0^l0^i26500
945    ^p0^l0^i26499
999    ^aกัณชพร จุลอักษร
รายการนี้ยังไม่มีแท็ก
คุณยังไม่ได้ล็อกอิน คุณสามารถมีกิจกรรมร่วมกับเว็บไซต์ได้ แต่ต้องล็อกอินก่อน ::
  ล็อกอิน

รายการสื่อสารสนเทศ

ลำดับที่ ประเภท เลขเรียก/บาร์โค้ด สถานที่ สถานะ
1. หนังสือสำรอง
หนังสือสำรอง
WO100 ศ170 ฉ.1 
  Barcode: 26499
ห้องสมุดวิทยาเขตนครสวรรค์
►หนังสือทั่วไป:l:General Books
บนชั้น
2. วิทยาศาสตร์การแพทย์ และสุขภาพ
วิทยาศาสตร์การแพทย์ และสุขภาพ
WO100 ศ170 ฉ.2 
  Barcode: 26500
ห้องสมุดวิทยาเขตนครสวรรค์
►หนังสือทั่วไป:l:General Books
บนชั้น

รายการใกล้เคียง
    หัวเรื่อง [ศัลยศาสตร์ รวมเรื่อง]

BibComment


ยังไม่เคยถูกคอมเมนท์

คอมเมนท์ทรัพยากรรายการนี้
  คอมเมนท์: ศัลยศาสตร์ธรรมศา..


 Copyright 2026. Bcnsprnw @Library